000 00562cam a2200193 4500500
005 20260405002055.0
041 _afre
042 _adc
100 1 0 _aNathan, Tobie
_eauthor
245 0 0 _aEx-Empire ottoman. Yeniçeri
260 _c2015.
500 _a61
690 _aJanissaire
690 _aSérail
690 _aTobie Nathan
690 _aYeniçeri
786 0 _nPhilosophie magazine | 93 | 10 | 2015-10-01 | p. 39-39 | 1951-1787
856 4 1 _uhttps://shs.cairn.info/magazine-philosophie-magazine-2015-10-page-39?lang=fr&redirect-ssocas=7080
999 _c2053972
_d2053972